000 00332nam a22001457a 4500
008 221107b ||||| |||| 00| 0 eng d
020 _a9781605477077
041 _aeng
080 _210 EDITION
_a610.73
082 _a610.73 ELL
100 _a8
101 _aINF
245 _aNURSING IN TODAY'S WORLD
_cELLIS J
942 _2udc
_cBK
999 _c58768
_d58768